LEADER 01412nam a2200277 i 4500 001 000000242867 003 CaOOAMICUS 005 20220630144737.0 008 150617s1808 it u000 u ita u 013 $a221772 026 $aele. n-a, a-la edpi (7) 1808 (A) 040 $aSeMil$bita 100 1 $aScotti, Cosimo Galeazzo.$0(OLS)http://semarc/name/71027 245 10$aElogio del padre d. Carlo Giuseppe Quadrupani oratore barnabita di Cosimo Galeazzo Scotti della stessa congregazione. 260 $aMilano :$bPresso Pirotta e Maspero,$c1808. 300 $a[2], 74, [4] p. ;$c4°. 700 1 $aQuadrupani, Carlo Giuseppe,$d<1740-1806>.$0(OLS)http://semarc/name/21120 710 0 $aPirotta, Giovanni & Maspero, Giuseppe$c.$0(OLS)http://semarc/name/11208 850 $aSeMil 852 $aSeMil$W1$xVenegono$y1$m3F IV 101 FA$j193213$B193213$CSeMilBibl$Z2$F204023 $8I 852 $aSeMil$W1$xVenegono$y1$m5C IV 7/7$j245573$B248096$CSeMilBibl$Z2$F248096 $8I 961 $aEtichetta della Biblioteca del Seminario liceale di Monza 961 $aRecupero da Biblioteca Seminario liceale - Monza 996 $6245$aElogio del padre d. Carlo Giuseppe Quadrupani oratore barnabita di Cosimo Galeazzo Scotti della stessa congregazione$9(OLS)http://semarc/title/344664 996 $6260$aMilano :$bPresso Pirotta e Maspero$9(OLS)http://semarc/publisher/39245 LEADER 01167nam a2200277 i 4500 001 000000030898 003 CaOOAMICUS 005 20220525123507.0 008 180830n it u000 u ita u 040 $aSeMil$bita 100 1 $aDe Sanctis, Francesco,$d<1817-1883>.$0(OLS)http://semarc/name/1328 245 10$aSaggi critici /$cFrancesco De Sanctis ; a cura di Gerolamo Lazzeri. 264 1$aMilano :$bSonzogno,$c[s.d.] 300 $av. ;$c18 cm. 490 1 $aBiblioteca classica economica 650 4$aDe Sanctis, Francesco <1817-1883> - Opere.$0(OLS)http://semarc/subject/529 650 4$aLetteratura italiana - Saggi.$0(OLS)http://semarc/subject/1861 700 1 $aLazzeri, Gerolamo,$d<1894-1941>.$0(OLS)http://semarc/name/14260 774 0 $t1.$kBiblioteca classica economica$w()200437 774 0 $t3.$kBiblioteca classica economica$w()235423 774 0 $t2.$kBiblioteca classica economica$w()235424 830 0$aBiblioteca classica economica.$0(OLS)http://semarc/title/8379 941 1 $a3 996 $6245$aSaggi critici$9(OLS)http://semarc/title/19334 996 $6264$aMilano :$bSonzogno$9(OLS)http://semarc/publisher/31743